|
|
|
|
| LEADER |
00000nam0a2200000 4500 |
| 001 |
678933 |
| 005 |
20250303115645.0 |
| 090 |
|
|
|a 678933
|
| 100 |
|
|
|a 20250303d1977 m||y0rusy50 ca
|
| 101 |
0 |
|
|a rus
|
| 102 |
|
|
|a RU
|
| 105 |
|
|
|a a j 001yy
|
| 181 |
|
0 |
|a i
|b e
|
| 182 |
|
0 |
|a n
|
| 183 |
|
0 |
|a nc
|2 RDAcarrier
|
| 200 |
1 |
|
|a Физико-химические методы исследования в органической и биологической химии
|e учебное пособие
|f Т. Я. Паперно, В. П. Поздняков, А. А. Смирнова, Л. М. Елагин
|
| 203 |
|
|
|a Текст
|b визуальный
|c непосредственный
|
| 210 |
|
|
|a Москва
|c Просвещение
|d 1977
|
| 215 |
|
|
|a 177 с.
|c ил.
|
| 283 |
|
|
|a volume
|2 RDAcarrier
|
| 320 |
|
|
|a Библиография: с. 172-174
|
| 606 |
|
|
|a Физико-химический анализ
|9 83965
|
| 610 |
1 |
|
|a органическая химия
|
| 610 |
1 |
|
|a биологическая химия
|
| 610 |
1 |
|
|a электронная абсорбционная спектроскопия
|
| 610 |
1 |
|
|a инфракрасная спектроскопия
|
| 610 |
1 |
|
|a ядерный магнитный резонанс
|
| 610 |
1 |
|
|a дипольные моменты
|
| 610 |
1 |
|
|a учебные пособия
|
| 675 |
|
|
|a 543.4/.5(075.8)
|v 4
|
| 701 |
|
1 |
|a Паперно
|b Т. Я.
|g Тамара Яковлевна
|
| 701 |
|
1 |
|a Поздняков
|b В. П.
|c Виктор Павлович
|
| 701 |
|
1 |
|a Смирнова
|b А. А.
|g Алла Александровна
|
| 701 |
|
1 |
|a Елагин
|b Л. М.
|g Леонид Михайлович
|
| 801 |
|
0 |
|a RU
|b 63413507
|c 20250303
|
| 830 |
|
|
|a Ретро2025Каталогизация
|
| 850 |
|
|
|a 63413507
|
| 942 |
|
|
|c BK
|